[Event "Champions Chess Tour Chess.com Classic "]
[Site "Chess.com"]
[Date "2024.05.13"]
[Round "4"]
[White "Firouzja, Alireza"]
[Black "Carlsen, Magnus"]
[Result "1-0"]
[WhiteElo "2856"]
[BlackElo "2900"]
[Annotator "Chess.com"]
[PlyCount "101"]
[EventDate "2024.??.??"]

{[%evp 0,101,16,56,5,-12,1,2,0,-38,-39,-44,-6,-19,36,-21,-4,-46,-62,-76,-47,-78,-64,-61,-49,-56,-46,-50,-36,-36,-36,-36,27,102,198,198,251,170,233,234,287,287,355,150,198,122,65,65,67,73,73,79,82,82,82,62,75,64,90,70,86,75,71,43,89,61,72,10,60,0,14,-8,-8,-13,10,29,26,22,38,32,71,113,161,113,200,185,228,228,269,255,255,255,386,299,386,308,881,881,881,881,949,949,1058,881]} 1. d4 {Stockfish 16.1} d5 2. c4 e6 3. Nc3 Nf6 4. cxd5 exd5 5. Bg5 c6 6. e3 Bf5 7. Nge2 h6 8. Bh4 Nbd7 9. f3 Be7 10. Bf2 Bh7 11. Ng3 Qb6 12. Qd2 O-O 13. Be2 Rfe8 14. e4 dxe4 15. fxe4 c5 ({RR} 15... Rad8) 16. e5 cxd4 ({RR} 16... Rad8 17. exf6 Nxf6) 17. Bxd4 Bc5 18. Na4 Qc6 19. Nxc5 ({RR} 19. exf6 Qxa4 20. Bxc5 Nxc5) 19... Nxc5 20. exf6 ({RR} 20. Bxc5 Ne4 21. Nxe4) 20... Rad8 21. O-O ({RR} 21. fxg7 Nd3+ 22. Kf1 Rxd4) 21... Ne6 22. Bf3 Qd6 23. fxg7 Qxd4+ 24. Qxd4 Nxd4 25. Bxb7 Ne2+ 26. Nxe2 Rxe2 27. b4 Kxg7 28. Rf4 Rb2 29. a4 Bb1 30. Bf3 ({RR} 30. h3 f5 31. b5 Rdd2 32. Kh2 Kf6 33. Ra3) 30... f5 31. h3 Kf6 32. Ra3 Ke5 33. Rh4 Be4 34. Bxe4 fxe4 35. Rh5+ Kd4 36. Rxh6 Rg8 37. g4 Rc8 38. Rf6 ({RR} 38. Rd6+ Ke5 39. Rd1) 38... Rc1+ 39. Rf1 Rcc2 $4 (39... Rxf1+ {estava vencendo.} 40. Kxf1 e3 41. b5 Ke4 42. Rc3 Kf3 {Os peões passados brancos não estão indo a lugar nenhum, enquanto o Preto ameaça xeque-mate e empurrando seu próprio peão para vitória.}) (39... Rbb1 40. Rxc1 Rxc1+ 41. Kf2 Rc2+ 42. Kf1 e3 {transpõe para a linha vencedora acima.}) ({RR} 39... Rxf1+ 40. Kxf1 e3) 40. Rg3 $1 {Não só isso é um salvamento, mas o Branco está vencendo $1 O Branco defende contra Rg2+ e ameaça empurrar seu próprio peão.} e3 41. g5 Rf2 42. Re1 Rfe2 43. Rxe2 Rxe2 44. g6 Re1+ 45. Kg2 Re2+ 46. Kf1 Rf2+ 47. Ke1 Rb2 48. g7 Kd3 49. Kf1 Rb1+ 50. Kg2 Rb2+ 51. Kf1 $146 {Após outra repetição, o Branco pode colocar seu rei em f3 e promover seu peão primeiro. Precisão Chess.com: Brancas 92.2 Pretas 86.4 Precisão Chessbase: Brancas 77 Pretas 67} ({RR} 51. Kf3) ({RR} 51. Kf3) 1-0

[Event "GCT Warsaw 2024"]
[Site "Warsaw, Poland"]
[Date "2024.05.09"]
[Round "4.2"]
[White "Shevchenko, Kirill"]
[Black "Carlsen, Magnus"]
[Result "1/2-1/2"]
[WhiteElo "2622"]
[BlackElo "2828"]
[PlyCount "114"]
[EventDate "2024.??.??"]

1. d4 {Krasenkow,Michal Krasenkow,M} d5 2. c4 e6 3. Nf3 Nf6 4. Nc3 Be7 5. Bf4 O-O 6. e3 c5 7. dxc5 Bxc5 8. cxd5 Nxd5 9. Nxd5 exd5 10. Bd3 Bb4+ 11. Nd2 ({RR} 11. Ke2) ({RR} 11. Ke2) 11... Nc6 12. O-O Be7 13. Rc1 ({RR} 13. Nb3 Bf6 14. Qd2 Be6 15. Rac1 Rc8 16. Nc5 Qe7 17. Rc2 Ne5 18. Nxe6 Qxe6 19. Bxe5 Bxe5 20. Rfc1 Rxc2 21. Qxc2 g6) ({RR} 13. a3 Bf6 14. Nf3 ({RR} 14. Qc2 g6 ({RR} 14... h6 15. Nb3 Re8 16. Rab1 Qe7 17. Qc5 Ne5 18. Qxe7 Rxe7 19. Bxe5 Bxe5 20. Rfc1 Be6) ({RR} 14... h6 15. Nb3 Re8 16. Rab1 Qe7 17. Qc5 Ne5 18. Qxe7 Rxe7 19. Bxe5 Bxe5 20. Rfc1 Be6) 15. Rac1 Be6 16. Nb3 Rc8 17. Nc5 Ne5 18. Bxe5 Bxe5 19. f4 Bg7 20. Nxe6) ({RR} 14. Qc2 g6 15. Rac1 Be6 16. Nb3 Rc8 17. Nc5 Ne5 18. Bxe5 Bxe5 19. f4 Bg7 20. Nxe6) 14... Qe7 15. h3 g6 16. Qd2 Be6 17. Rac1 Rfd8 18. b4 a6 19. Rc2 Qd7 20. Rfc1 Bf5 21. Bxf5 Qxf5 22. Bc7 Rd7 23. Bb6 Qe4 24. Rd1 Bd8 25. Bc5 Bc7 26. Qd3 Rad8 27. Rcd2 Qxd3) ({RR} 13. Nb3 Bf6 14. Qd2 Be6 15. Rac1 Rc8 16. Nc5 Qe7 17. Rc2 Ne5 18. Nxe6 Qxe6 19. Bxe5 Bxe5 20. Rfc1 Rxc2 21. Qxc2 g6) ({RR} 13. a3 Bf6 14. Nf3 Qe7 15. h3 g6 16. Qd2 Be6 17. Rac1 Rfd8 18. b4 a6 19. Rc2 Qd7 20. Rfc1 Bf5 21. Bxf5 Qxf5 22. Bc7 Rd7 23. Bb6 Qe4 24. Rd1 Bd8 25. Bc5 Bc7 26. Qd3 Rad8 27. Rcd2 Qxd3) ({RR} 13. h3 Bf6 14. Nf3 h6 15. Rb1 a5 16. a3 d4 17. e4 Re8 18. Qd2 a4 19. Rbe1 Qa5 20. Qxa5 Rxa5 21. Bc7 Ra8 22. e5 Be7 23. Bb6 Be6 24. Rc1 Bd8 25. Bc5 Bc7 26. Bb5 Bd5 27. Bxc6 bxc6 {Giri,A (2748)-Gukesh,D (2776) Zagreb CRO 2025 ½-½ (100)}) 13... Bf6 14. a3 ({RR} 14. Nf3 Qe7 ({RR} 14... Bxb2 15. Bxh7+ Kxh7 16. Qc2+ Kg8 17. Qxb2) ({RR} 14... Re8 15. h3 Qb6) ({RR} 14... Be6 {RR} 15. a3 ({RR} 15. a3 Qe7 16. b4 a6 17. h3 Rac8 18. Rc5 a5 19. Qb1 axb4 20. axb4 h6) 15... Qe7 16. b4 a6 17. h3 Rac8 18. Rc5 a5 19. Qb1 axb4 20. axb4 h6) ({RR} 14... Bxb2 15. Bxh7+ Kxh7 16. Qc2+ Kg8 17. Qxb2) ({RR} 14... Re8 15. h3 Qb6) ({RR} 14... Be6) 15. h3 g6 16. Bb5 Bd7 ({RR} 16... Bxb2 17. Bxc6 Bxc1 ({RR} 17... bxc6 18. Rxc6) ({RR} 17... bxc6 18. Rxc6) 18. Bxd5 Ba3 19. Bh6 Be6 20. Qd4 f6 21. Bxf8 Kxf8 22. Bxe6 Qxe6 23. Rd1) ({RR} 16... Bxb2 17. Bxc6 Bxc1 18. Bxd5 Ba3 19. Bh6 Be6 20. Qd4 f6 21. Bxf8 Kxf8 22. Bxe6 Qxe6 23. Rd1) 17. Qxd5 Be6 ({RR} 17... Bxb2 18. Rb1 Be6 19. Qd2 Ba3 20. Bh6 Rfc8 21. Ng5) ({RR} 17... Bxb2 18. Rb1 Be6 19. Qd2 Ba3 20. Bh6 Rfc8 21. Ng5) 18. Qe4 ({RR} 18. Qc5 Qxc5 19. Rxc5 Bxa2 ({RR} 19... Bxb2 20. Ng5) ({RR} 19... Bxb2 20. Ng5) 20. Bxc6 bxc6 21. Rxc6) ({RR} 18. Qc5 Qxc5 19. Rxc5 Bxa2 20. Bxc6 bxc6 21. Rxc6) 18... Bxb2 ({RR} 18... Bxa2 19. Bxc6 bxc6 20. Qxe7 Bxe7 21. Nd4) ({RR} 18... Bxa2 19. Bxc6 bxc6 20. Qxe7 Bxe7 21. Nd4) 19. Bxc6 f5 ({RR} 19... Bxc1 20. Bxb7) ({RR} 19... bxc6 20. Rxc6) ({RR} 19... Bxc1 20. Bxb7) ({RR} 19... bxc6 20. Rxc6) 20. Bg5 ({RR} 20. Qb1 Bxc1 21. Qxb7 ({RR} 21. Bxb7 Bxe3 22. fxe3 Rab8) ({RR} 21. Bxb7 Bxe3 22. fxe3 Rab8) 21... Qxb7 22. Bxb7 Rac8 23. Bxc8 Rxc8) ({RR} 20. Qb1 Bxc1 21. Qxb7 Qxb7 22. Bxb7 Rac8 23. Bxc8 Rxc8) 20... fxe4 21. Bxe7 Bxc1 22. Bxb7 ({RR} 22. Bxf8 bxc6 23. Nd4 Bxa2 24. Rxc1 Kxf8 25. Nxc6 Bd5 26. Nb4 Be6 27. Na6 Rc8 28. Rxc8+ Bxc8 29. Nc5 a5) ({RR} 22. Bxf8 bxc6 23. Nd4 Bxa2 24. Rxc1 Kxf8 25. Nxc6 Bd5 26. Nb4 Be6 27. Na6 Rc8 28. Rxc8+ Bxc8 29. Nc5 a5) 22... Bxe3 23. Bxf8 Rxf8 24. fxe3 exf3 25. Bxf3 Rb8 26. a4 Rb4 27. Bc6 Rc4 28. Bb5 Re4 {Carlsen,M (2822)-Nakamura,H (2792) Saint Louis 2017 CBM 180 [Krasenkow,M] ½-½ (94)}) ({RR} 14. Qb3 Qb6 15. Qxd5 Nb4 16. Qe4 Nxd3 17. Qxd3 Rd8 18. Qc2 Qxb2 19. Ne4 Qxc2 20. Nxf6+ gxf6 21. Rxc2 Be6 22. Rfc1) ({RR} 14. Nf3 Qe7 15. h3 g6 16. Bb5 Bd7 17. Qxd5 Be6 18. Qe4 Bxb2 19. Bxc6 f5 20. Bg5 fxe4 21. Bxe7 Bxc1 22. Bxb7 Bxe3 23. Bxf8 Rxf8 24. fxe3 exf3 25. Bxf3 Rb8 26. a4 Rb4 27. Bc6 Rc4 28. Bb5 Re4 {Carlsen,M (2822)-Nakamura,H (2792) Saint Louis 2017 CBM 180 [Krasenkow,Michal] ½-½ (94)}) ({RR} 14. Qb3 Qb6 15. Qxd5 Nb4 16. Qe4 Nxd3 17. Qxd3 Rd8 18. Qc2 Qxb2 19. Ne4 Qxc2 20. Nxf6+ gxf6 21. Rxc2 Be6 22. Rfc1) 14... g6 ({RR} 14... Be6 15. b4 Qb6 16. b5 Ne5 17. Bxe5 Bxe5 18. Bxh7+ Kxh7 19. Qh5+ Kg8 20. Qxe5 d4 21. Qxd4 Qxb5 22. Qa1 Rfd8 23. Nf3 Bd5 24. Nd4 Qd7 25. Rfd1 Rac8 26. h3 b6 27. Qb2 Bb7 28. Qe2 Rc5 29. Qg4 {Yilmaz,M (2626)-Nogerbek,K (2356) chess.com INT 2021 1-0 (48)}) 15. Qb3 $146 ({RR} 15. b4 a5 16. b5 Ne5 17. Be2 Be6 18. Nb3 Qe7 19. a4 Rfd8 20. Nd4 Nc4 21. b6 Be5 22. Rxc4 Bxf4 23. Nxe6 dxc4 24. Nxd8 Rxd8 25. Qc2 Bd6 26. Bxc4 Bc5 27. Rb1 Bb4 28. Rd1 Rxd1+ 29. Qxd1 Kg7 {Kalinitschew,S (2426)-Meier,G (2644) Apolda 2017 ½-½ (41)}) ({RR} 15. b4 a5 16. b5 Ne5 17. Be2 Be6 18. Nb3 Qe7 19. a4 Rfd8 20. Nd4 Nc4 21. b6 Nb2 22. Qb3 Bxd4 23. exd4 Nc4) ({RR} 15. b4 Qe7 16. Nf3 Rd8 17. h3 Ne5 18. Nxe5 Bxe5 19. Qd2 a5 20. bxa5 Bxf4 21. exf4 Qxa3 22. Ra1 Qd6 23. Rfb1 Qf6 24. Ra2 Rd6 25. Rc2 Rc6 26. Rxc6 bxc6 27. Qb4 Qd8 28. Ra1 Ba6 29. Bxa6 Rxa6 {Caruana,F (2822)-Anand,V (2768) Saint Louis USA 2018 ½-½ (39)}) ({RR} 15. b4 Qe7 16. Bb5 Ne5 17. Nb3 Bg4 18. f3 Be6 19. Nd4 Rac8 20. Bxe5 Bxe5 21. Qd2 Rxc1 22. Rxc1 Rc8 23. Rxc8+ Bxc8 24. Be2 Qf6 25. f4 Bxd4 26. Qxd4 Qxd4 27. exd4 f6 28. Bf3 Be6 29. f5 gxf5 {Bindrich,F (2598)-Zatonskih,A (2424) Douglas 2017 ½-½ (63)}) ({RR} 15. b4 a5 16. b5 Ne5 17. Be2 a4 18. Nb1 Be6 19. Nc3 Rc8 20. Qxa4 Nc4 21. Ne4 Be7 22. Bxc4 Rxc4 23. Rxc4 dxc4 24. Be5 f6 25. Rd1 Qa8 26. Qxa8 Rxa8 27. Bxf6 Bxf6 28. Nxf6+ Kg7 29. Ne4 Rxa3 {Shabalov,A (2510)-Boensch,U (2525) Rhodes 2019 1-0 (37)}) ({RR} 15. b4 a5 16. b5 Ne5 17. Be2 Be6 18. Nb3 Qe7 19. a4 Rfd8 20. Nd4 Nc4 21. b6 Nb2 22. Qb3 Bxd4 23. exd4 Nc4) 15... a5 16. Bb5 Be6 17. Rfd1 Rc8 18. Bf1 Qe7 19. Qb5 Rfd8 20. h3 a4 21. b3 Qxa3 22. bxa4 Nd4 23. Qd3 Qxd3 24. Bxd3 Rxc1 25. Rxc1 Nc6 26. Nb3 g5 27. Bg3 d4 28. Nc5 dxe3 29. fxe3 Bb2 30. Rc2 Be5 31. Bxe5 Nxe5 32. Nxe6 fxe6 33. Be4 b6 34. a5 bxa5 35. Rc5 Nf7 36. Rxa5 Kg7 37. Ra6 Re8 38. Ra7 h5 39. Bf3 Rh8 40. Ra6 Kf6 41. Bd5 Re8 42. Bf3 Rh8 43. Bd5 Nd8 44. Bc4 h4 45. Ra8 Nf7 46. Rxh8 Nxh8 47. g3 Nf7 48. Kg2 Ne5 49. Bb3 Ke7 50. Ba2 Kf6 51. Bb3 Ke7 52. Ba2 Kf7 53. Bb3 Kf6 54. Ba2 Kf5 55. Bb1+ Kf6 56. Ba2 Kf5 57. Bb1+ Kf6 1/2-1/2

[Event "GCT Warsaw 2024"]
[Site "Warsaw, Poland"]
[Date "2024.05.11"]
[Round "18.1"]
[White "Erigaisi Arjun"]
[Black "Carlsen, Magnus"]
[Result "0-1"]
[WhiteElo "2671"]
[BlackElo "2828"]
[PlyCount "180"]
[EventDate "2024.??.??"]

1. d4 d5 2. Nf3 Nf6 3. Bf4 Bf5 4. e3 e6 5. Bd3 Bg6 6. O-O Bd6 7. Ne5 Nh5 ({RR} 7... Nbd7 8. Nd2 Bxd3 9. cxd3 O-O 10. Rc1 Bxe5 11. dxe5 Ne8 12. d4 c6 13. Qg4 Qe7 14. Nf3 f5 15. exf6 Nexf6 16. Qh4 Rae8 17. Ne5 Nxe5 18. Bxe5 Rf7 19. h3 Qb4 20. Rc2 Nd7 21. Qg3 Nxe5 22. Qxe5 {Grachev,B (2614)-Petrosyan,M (2613) Moscow RUS 2019 ½-½ (79)}) ({RR} 7... c6 8. Re1 Qc7 9. Bg3 Nbd7 10. f4 Ne4 11. Nxg6 hxg6 12. Bxe4 dxe4 13. Nd2 f5 14. Nc4 O-O-O 15. c3 Be7 16. Qb3 Bh4 17. Ne5 Bxg3 18. hxg3 Nxe5 19. dxe5 Rd5 20. Rad1 g5 21. c4 Rxe5 22. fxe5 {Covington,M (1723)-Roy,E Grapevine USA 2021 0-1 (76)}) ({RR} 7... Nbd7 8. Nd2 Bxd3 9. cxd3 O-O 10. Rc1 Bxe5 11. dxe5 Ne8 12. d4 c6 13. Qg4 Qe7 14. Nf3 f5 15. exf6 Nexf6 16. Qh4 Rae8 17. Ne5 Nxe5 18. Bxe5 Rf7 19. h3 Qb4 20. Rc2 Nd7 21. Qg3 Nxe5 22. Qxe5 {Grachev,B (2614)-Petrosyan,M (2613) Moscow 2019 ½-½ (79)}) ({RR} 7... Nbd7 8. Nd2 O-O 9. Nxg6 hxg6 10. Bxd6 cxd6 11. c3 Nb6 12. Qb3 Qc7 13. Rfc1 Rfc8 14. Qd1 Nc4 15. Rab1 b5 16. h3 Rab8 {½-½ (16) Demidov,M (2523)-Smirnov,P (2475) Sochi RUS 2025}) 8. Nxg6 hxg6 9. Bxd6 Qxd6 10. c4 $146 ({RR} 10. f4 Nf6 11. c4 c5 12. Nc3 cxd4 13. Nb5 Qd7 14. Nxd4 O-O 15. Qf3 Nc6 16. Nxc6 Qxc6 17. Rac1 Qb6 18. Rf2 dxc4 19. Bxc4 Rfd8 20. Rcc2 Nd5 21. Bxd5 Rxd5 22. Rfd2 Qa5 23. Rxd5 exd5 24. Qd1 Qxa2 {Hock,H-Kannenberg,K Germany South 1986 ½-½}) ({RR} 10. f4 Nf6 11. c4 c5 12. Nc3 cxd4 13. Nb5 Qd7 14. Nxd4 O-O 15. Qf3 Nc6 16. Nxc6 Qxc6 17. Rac1 Qb6 18. Rf2 dxc4 19. Bxc4 Rfd8 20. Rcc2 Nd5 21. Bxd5 Rxd5 22. Rfd2 Qa5 23. Rxd5 exd5 24. Qd1 Qxa2 {Hock,H-Kannenberg,K Germany South 1986 ½-½}) 10... c6 11. Nc3 Nd7 12. g3 Nhf6 13. Rb1 dxc4 14. Bxc4 O-O 15. e4 Rfd8 16. Bb3 e5 17. dxe5 Qxe5 18. f4 Qe7 19. Qf3 Nc5 20. e5 Nxb3 21. axb3 Ne8 22. Rbd1 Rxd1 23. Rxd1 Rd8 24. Kf1 Nc7 25. Ne4 Rxd1+ 26. Qxd1 f6 27. Qd6 Kf7 28. Qd4 Nb5 29. Qc4+ Kf8 30. Nc5 fxe5 31. fxe5 Qf7+ 32. Ke2 b6 33. e6 Qf5 34. Nd3 Ke7 35. Nf4 g5 36. Qb4+ Nd6 37. Nd3 Qxe6+ 38. Kd2 c5 39. Qa4 a5 40. Ne1 Qd5+ 41. Kc1 Ne4 42. Nf3 g4 43. Nh4 g5 44. Ng6+ Kf6 45. Qe8 Qe6 46. Qxe6+ Kxe6 47. Kc2 Nd6 48. Kd3 Kf6 49. Nf8 Ke7 50. Ng6+ Kf6 51. Nf8 Ke7 52. Ng6+ Ke6 53. Nf8+ Kd5 54. Nd7 c4+ 55. bxc4+ Nxc4 56. Kc3 Ne5 57. Nxb6+ Ke4 58. Nc4 Nxc4 59. Kxc4 Kf3 60. Kb5 Kg2 61. Kxa5 Kxh2 62. b4 Kxg3 63. b5 Kh3 64. b6 g3 65. b7 g2 66. b8=Q g1=Q 67. Qh8+ Kg2 68. Qh5 Qc5+ 69. Ka6 Qc6+ 70. Ka7 Qc7+ 71. Ka8 Qc8+ 72. Ka7 Qd7+ 73. Ka6 g4 74. Qe5 Qc6+ 75. Ka7 Qc4 76. Qe3 g3 77. Ka8 Qd5+ 78. Ka7 Qd7+ 79. Ka6 Qd6+ 80. Ka5 Kh2 81. Qe4 Qc5+ 82. Ka6 Qg5 83. Qh7+ Kg2 84. Qe4+ Kh3 85. Qh1+ Kg4 86. Qd1+ Kf5 87. Qd5+ Kg6 88. Qg8+ Kh5 89. Qc4 g2 90. Qe2+ Kh6 0-1

[Event "GCT Warsaw 2024"]
[Site "Warsaw, Poland"]
[Date "2024.05.12"]
[Round "19.4"]
[White "Shevchenko, Kirill"]
[Black "Carlsen, Magnus"]
[Result "0-1"]
[WhiteElo "2622"]
[BlackElo "2828"]
[PlyCount "46"]
[EventDate "2024.??.??"]

1. d4 g6 2. e4 d6 3. Nc3 c6 4. Nf3 Nf6 5. Be3 Nbd7 6. Qd2 b5 ({RR} 6... Qa5 7. Bd3 e5 8. h3 Bg7 9. O-O O-O 10. a4 Re8 11. Rfd1 Qc7 12. a5 exd4 13. Bxd4 Nc5 14. e5 Nfd7 15. exd6 Qxd6 16. Bf1 Nf8 17. Bxg7 Qxd2 18. Nxd2 Kxg7 19. b4 Nce6 20. Nc4 Rd8 21. Ne4 {Nunn,J (2580)-Azmaiparashvili,Z (2655) Wijk aan Zee 1993 1-0 (57)}) ({RR} 6... e5 7. h3 Bg7 8. a4 Qe7 9. Bd3 O-O 10. O-O b6 11. Rfe1 a6 12. Bg5 Bb7 13. Rad1 Rfe8 14. dxe5 dxe5 15. Bc4 b5 16. Ba2 b4 17. Nb1 Rad8 18. Qe3 Nc5 19. Rxd8 Rxd8 20. Nbd2 Ne6 21. Nc4 {Degraeve,J (2559)-Fressinet,L (2667) Nimes 2009 ½-½ (42)}) 7. a3 $146 ({RR} 7. e5 Ng4 8. Bf4 dxe5 9. dxe5 Bg7 10. O-O-O Qb6 11. e6 fxe6 12. h3 Ngf6 13. Ng5 Nf8 14. Be3 Qa5 15. Kb1 Bd7 16. Be2 h6 17. Nge4 Qb4 18. Nxf6+ Bxf6 19. a3 Bxc3 20. axb4 Bxd2 21. Bxd2 Kf7 {Anagnostopoulos,D (2446)-Martinsen,S (2076) Bergen 2002 1-0}) ({RR} 7. e5 dxe5 8. dxe5 Ng4 9. e6 fxe6 10. Ng5 Nxe3 11. Qxe3 Bh6 12. Qd4 e5 13. Qh4 Bxg5 14. Qxg5 Nf6 15. Bd3 Qd4 16. O-O Qf4 17. h4 Bf5 18. g3 Qxg5 19. hxg5 Nd7 20. Ne4 h6 21. Rfe1 hxg5 {Biti,O (2366)-Galyas,M (2474) Mali Losinj CRO 2019 ½-½ (33)}) ({RR} 7. e5 b4 8. exf6 bxc3 9. Qxc3 Nxf6 10. Qxc6+ Bd7 11. Qc3 Rb8 12. Bc4 Bg7 13. O-O O-O 14. Bb3 Bb5 15. Rfc1 a5 16. a4 Be2 17. Ng5 h6 18. Nh3 g5 19. f3 g4 20. fxg4 Nxg4 21. Nf4 Nxe3 {Adams,M (2615)-Anagnostopoulos,D (2395) London 1991 1-0 (39)}) ({RR} 7. e5 Ng4 8. Bf4 dxe5 9. dxe5 Bg7 10. O-O-O b4 11. Nb5 cxb5 12. h3 Nxf2 13. Qxf2 Qa5 14. Kb1 O-O 15. h4 Nb6 16. Nd4 Be6 17. Nb3 Qa6 18. Qc5 Nc4 19. Qxe7 Rfc8 20. Qxb4 Bf8 21. Rd6 Nxd6 {Sarwat,W (2388)-Abdel Fadil,M (2259) Egypt 2007 1-0 (52)}) ({RR} 7. e5 b4 8. exf6 bxc3 9. Qxc3 Nxf6 10. Qxc6+ Bd7 11. Qa6 Rb8 12. b3 Qc7 13. c4 Nd5 14. Bd2 Nb4 15. Bxb4 Rxb4 16. Qa3 a5 17. Qc1 Bg7 18. Be2 O-O 19. O-O a4 20. Qe3 Rfb8 21. bxa4 Bxa4 {Vestby-Ellingsen,M (2389)-Smirin,I (2596) Stockholm SWE 2023 0-1 (53)}) 7... Bg7 $146 ({RR} 7... Nb6 8. d5 Bd7 9. e5 Nfxd5 10. exd6 Nxe3 11. Qxe3 e6 12. Ne4 Bg7 13. Rb1 O-O 14. b3 Qb8 15. c4 f5 16. Ned2 e5 17. Qc5 Nc8 18. cxb5 cxb5 19. Qc7 Qxc7 20. dxc7 e4 21. Ng5 h6 22. Nh3 {Luther,A (1595)-Henselin,F (1292) Malchow 2009 0-1 (38)}) 8. Bh6 Bxh6 9. Qxh6 e5 10. O-O-O Qe7 11. dxe5 dxe5 12. Bxb5 cxb5 13. Nxb5 Qc5 14. Nd6+ Ke7 15. Ng5 Rf8 16. f4 Rb8 17. Qh4 Qe3+ 18. Kb1 Qxf4 19. Qh6 Ng4 20. Nf5+ Qxf5 21. Qxf8+ Nxf8 22. exf5 Nf2 23. fxg6 hxg6 0-1

[Event "GCT Warsaw 2024"]
[Site "Warsaw, Poland"]
[Date "2024.05.12"]
[Round "20.3"]
[White "Carlsen, Magnus"]
[Black "Praggnanandhaa R"]
[Result "1-0"]
[WhiteElo "2828"]
[BlackElo "2704"]
[PlyCount "73"]
[EventDate "2024.??.??"]

1. d4 {Stockfish 16.1 - Chessbase} Nf6 2. c4 e6 3. Nf3 Bb4+ 4. Nbd2 O-O 5. a3 Bxd2+ 6. Qxd2 d5 7. e3 b6 8. b3 Bb7 ({RR} 8... dxc4 9. bxc4 Bb7 10. Be2 Ne4 11. Qc2 c5 12. O-O Ng5 13. d5 exd5 14. Nxg5 Qxg5 15. Bf3 Nd7 16. Rd1 Ne5 17. Bxd5 Nf3+ 18. Kh1 Qe5 19. Bxf3 Bxf3 20. gxf3 Qxa1 21. Bb2 Qxd1+ 22. Qxd1 Rad8 23. Qc2 {Isik,A (2456)-Tarhan,A (2474) Ankara TUR 2025 1-0}) 9. Bb2 ({RR} 9. Be2 Nbd7 10. O-O c5 ({RR} 10... a5 11. a4 Ne4 12. Qc2 f5 13. cxd5 Bxd5 14. Ne5 Nxe5 15. dxe5 c5 16. f3 Ng5 17. Bb2 Qe7 18. Rad1 Rfd8 19. Rd2 Bc6 20. Rfd1 Rxd2 21. Qxd2 Bd5 22. Qc3 Rd8 23. Kf2 Nf7) 11. a4 dxc4 12. bxc4 Rc8 13. Ba3 Qc7 14. Rfc1 Ng4 15. h3 Bxf3 16. Bxf3 Qh2+ 17. Kf1 Ngf6 18. Bb2 Rfd8 19. d5 exd5 20. Bxd5 Ne5 21. Qc3 Nxd5 22. cxd5 f6 23. f4 c4 {Wang,H (2713)-Zhou,J (2578) China 2015 0-1 (50)}) ({RR} 9. Be2 Nbd7 10. O-O a5 11. a4 Ne4 12. Qc2 f5 13. cxd5 Bxd5 14. Ne5 Nxe5 15. dxe5 c5 16. f3 Ng5 17. Bb2 Qe7 18. Rad1 Rfd8 19. Rd2 Bc6 20. Rfd1 Rxd2 21. Qxd2 Bd5 22. Qc3 Rd8 23. Kf2 Nf7 {Ginsburg,M (2329)-Meidinger,C Orlando USA 2019 ½-½ (37)}) ({RR} 9. Be2 Nbd7 10. O-O c5 11. a4 dxc4 12. bxc4 Rc8 13. Ba3 Qc7 14. Rfc1 Ng4 15. h3 Bxf3 16. Bxf3 Qh2+ 17. Kf1 Ngf6 18. Bb2 Rfd8 19. d5 exd5 20. Bxd5 Ne5 21. Qc3 Nxd5 22. cxd5 f6 23. f4 c4) 9... Nbd7 10. Be2 dxc4 11. Bxc4 $146 ({RR} 11. bxc4 c5 12. O-O Qe7 ({RR} 12... Qe7 13. a4 Rfd8 14. a5 e5 15. d5 Ne4 16. Qc2 Nd6 17. e4 f6 18. Nd2 Kh8 19. g3 g5 20. Bg4 Nf8 21. Bh5 Bc8 22. f4 Bh3 23. fxe5 fxe5 24. Rxf8+ Rxf8 25. Qc3 Qf6) 13. a4 Rfd8 14. a5 e5 15. d5 Ne4 16. Qc2 Nd6 17. e4 f6 18. Nd2 Kh8 19. g3 g5 20. Bg4 Nf8 21. Bh5 Bc8 22. f4 Bh3 23. fxe5 fxe5 24. Rxf8+ Rxf8 25. Qc3 Qf6 {Rios,C (2362)-Parraga,A (2163) Cochabamba 2013 1-0}) ({RR} 11. bxc4 c5 12. O-O Rc8 13. Rac1 Qc7 14. h3 Rfd8 15. Rfd1 Nf8 16. Ne5 Ng6 17. Nxg6 hxg6 18. Qe1 cxd4 19. exd4 Qf4 20. Bf1 Rd7 21. a4 Ne4 22. Rd3 Nd6 ({RR} 22... Qg5 23. a5 Qxa5 24. Qxa5 bxa5 25. Ra3 Nd2 26. Be2 Rdc7 27. c5 Bd5 28. Bc3) 23. Rg3 ({RR} 23. c5 Nf5) 23... Nf5 ({RR} 23... Qf6 24. Rg4 Nf5 25. Qd2 Qd8 26. Qf4 Qc7 27. Qg5 Qd8 28. Qf4) 24. Rg4 Qd6 25. a5 Rdc7 {Firouzja,A (2737)-Praggnanandhaa,R (2747) Stavanger NOR 2024 1-0 (60)} ({RR} 25... Nh6 26. Rg3 Nf5 27. Rd3 Rcd8 28. axb6 axb6 29. Rcd1 Ba6 30. Rb3 Bb7 31. Bc3)) ({RR} 11. bxc4 c5 12. O-O Rc8 13. Rac1 Qc7 14. h3 Rfd8 15. Rfd1 Nf8 16. Ne5 Ng6 17. Nxg6 hxg6 18. Qe1 cxd4 19. exd4 Qf4 20. Bf1 Rd7 21. a4 Ne4 22. Rd3 Nd6 23. Rg3 Nf5 24. Rg4 Qd6 25. a5 Rdc7 {Firouzja,A (2737)-Praggnanandhaa R (2747) Stavanger, Norway 2024 [Stockfish 16.1 - Chessbase] 1-0 (60)}) 11... c5 12. Qe2 cxd4 13. Bxd4 a6 14. Qb2 Bxf3 15. gxf3 Qe7 16. O-O b5 17. Be2 e5 18. Bc3 Nd5 19. Ba5 Qe6 20. Rac1 Rac8 21. Rxc8 Rxc8 22. Rc1 Rxc1+ 23. Qxc1 Ne7 24. Qc7 g6 25. a4 bxa4 26. Bc4 Nd5 27. Qc8+ Kg7 28. bxa4 Qd6 29. Qxa6 N5b6 30. Be2 Qc5 31. Qb5 Qc2 32. Bxb6 Nxb6 33. Qxe5+ Kg8 34. Bb5 Qc8 35. a5 Qc1+ 36. Kg2 Nc8 37. Bd7 1-0

[Event "Norway Chess 2024"]
[Site "Stavanger, Norway"]
[Date "2024.05.27"]
[Round "1.1"]
[White "Ding, Liren"]
[Black "Carlsen, Magnus"]
[Result "1/2-1/2"]
[WhiteElo "2762"]
[BlackElo "2830"]
[Annotator "Stockfish 16.1 - Chessbase"]
[PlyCount "27"]
[EventDate "2024.??.??"]

{[%evp 0,27,34,35,22,-7,-8,-5,1,-23,-11,-3,-4,-30,61,-5,22,41,37,6,6,-27,3,-13,-35,-35,-29,-35,-34,-11]} 1. d4 Nf6 2. c4 e6 3. Nf3 ({RR} 3. g3 d5 4. Bg2 Bb4+ 5. Bd2 Be7 6. Nf3 O-O 7. O-O c6 8. Qc2 b6 9. Rd1 Bb7 {½-½ (15) Ding,L (2799)-Carlsen,M (2847) chess24.com INT 2021}) 3... d5 4. g3 Be7 5. Bg2 O-O 6. O-O c6 7. Qc2 b6 8. Bf4 Bb7 9. Rd1 Nbd7 10. Ne5 Nh5 11. Bd2 Nhf6 12. Bf4 Nh5 13. Bd2 Nhf6 $146 14. Bf4 ({RR} 14. cxd5 cxd5 15. Nc6 Bxc6 16. Qxc6 Qc8 17. Qa4 Qb7 18. Nc3 Rac8 19. e3 a6 20. Rdc1 Rc7 21. Ne2 Rfc8 22. Rxc7 Rxc7 23. Rc1 Rxc1+ 24. Nxc1 Qc8 25. Nd3 Ne4 26. Be1 g6 27. Bf1 Kg7 28. Kg2 Bf8 {Donchenko,A (2563)-Neiksans,A (2599) Chartres 2017 ½-½ (60)}) ({RR} 14. cxd5 cxd5 15. Nc6 Bxc6 16. Qxc6 Rc8 17. Qb5 Ne8 18. Qd3 Nd6 19. Bc3 f5 20. Nd2 Ne4 21. Rac1 Ndf6 22. f3 Nd6 23. e4 fxe4 24. fxe4 Nfxe4 25. Nxe4 Nxe4 26. Bxe4 dxe4 27. Qxe4 Qd5 28. Re1 Bf6 {Saduakassova,D (2519)-Keymer,V (2527) Wijk aan Zee NED 2020 0-1 (80)}) ({RR} 14. cxd5 cxd5 15. Nc6 Bxc6 16. Qxc6 Rc8 17. Qa4 Qc7 18. Nc3 Qb7 19. e3 a6 20. Qb3 Rc7 21. Rac1 Rfc8 22. Ne2 Ne4 23. Be1 h6 24. Rxc7 Rxc7 25. Rc1 Nd6 26. Bf1 Rxc1 27. Nxc1 Qc6 28. Qd1 a5 {Sethuraman,S (2573)-Grachev,B (2668) Basel 2014 ½-½ (79)}) ({RR} 14. cxd5 cxd5 15. Nc6 Bxc6 16. Qxc6 a6 17. e3 b5 18. Rc1 Qb8 19. Ba5 Rc8 20. Qxc8+ Qxc8 21. Rxc8+ Rxc8 22. Nc3 b4 23. Nd1 Ne4 24. a3 bxa3 25. bxa3 Nd6 26. Bb4 Kf8 27. Bf1 Nc4 28. Bxc4 Rxc4 {Fridman,D (2576)-Kuzubov,Y (2597) Tallinn EST 2025 ½-½ (34)}) 1/2-1/2